Las cuentas de la economía social : el tercer sector en España /

Αποθηκεύτηκε σε:
Λεπτομέρειες βιβλιογραφικής εγγραφής
Κύριος συγγραφέας: García Delgado, José Luis (autor)
Μορφή: Βιβλίο
Γλώσσα:Ισπανικά
Έκδοση: Madrid, España : Civitas, Fundación ONCE, 2004, c2004
Σειρά:(Biblioteca Civitas Economía y Empresa. Economía)
Θέματα:
Ετικέτες: Προσθήκη ετικέτας
Δεν υπάρχουν, Καταχωρήστε ετικέτα πρώτοι!

MARC

LEADER 00000nam^a2200000^a^4500
001 000192958
005 20250521000000.0
009 20260310102626.499
020 |a 84-470-2222-6 
037 |a Acervo ITESO - Biblioteca 
041 |a ESP 
082 |a 330. 15560946  |b GAR 
100 |a García Delgado, José Luis  |e (autor) 
245 1 3 |a Las cuentas de la economía social :  |b el tercer sector en España /  |c Dir. y pról. de J.L. García Delgado ; prelim. de Carlos Rubén Fernández Gutiérrez. 
264 4 |a Madrid, España :  |b Civitas,  |b Fundación ONCE,  |c 2004, c2004 
300 |a 272 p. 
336 |a texto  |b txt  |2 rdacontenido 
337 |a sin mediación  |b n  |2 rdamedio 
338 |a volumen  |b nc  |2 rdasoporte 
440 1 |a (Biblioteca Civitas Economía y Empresa.  |p Economía) 
649 |a XX 
650 |a Financiamiento (de Empresas, Proyectos, etc.) 
650 |a Estados Financieros -  |z España 
650 |a Contabilidad Financiera -  |z España 
650 |a Cajas de Ahorro -  |z España -  |x Aspectos Económicos 
650 |a Cooperativas -  |z España -  |x Aspectos Económicos 
650 |a Organizaciones No Gubernamentales -  |z España -  |x Aspectos Económicos 
650 |a Asociaciones Civiles -  |z España -  |x Aspectos Económicos 
650 |a Instituciones de Beneficencia -  |z España -  |x Aspectos Económicos 
650 |a Empresas -  |z España 
650 |a Asistencia Social -  |z España 
650 |a Previsión Social -  |z España 
650 |a Desarrollo Regional -  |z España 
650 |a Desarrollo Económico-Social -  |z España 
650 |a Economía del Bienestar -  |z España 
910 |a Fondo General 
920 |a Impresos - Libros 
930 |a Colección General 
905 |a 101 
901 |a 0500137159  |b IT1  |c ACC  |u 20250521 
902 |a https://opac.biblio.iteso.mx/vufind/Record/000192958